El Gobierno de EE.UU. debe rectificar

Salvato in:
Dettagli Bibliografici
Autore principale: Ortega Saavedra, Daniel
Natura: testo
Pubblicazione: Managua: Dirección de Información y Prensa de la República
Tags: Aggiungi Tag
Nessun Tag, puoi essere il primo ad aggiungerne!!

MARC

LEADER 00000 a a2200000 04500
001 21364
003
040
090 |a 093800  
100 |a Ortega Saavedra, Daniel  
245 |a El Gobierno de EE.UU. debe rectificar  
260 |a Managua:   |b Dirección de Información y Prensa de la República  
300 |a 18 p.  
999 |c 8117  |d 8117